Principes logiques ou recueil de faits relatifs a l'intelligence humaine / (Record no. 48606)

MARC details
000 -LEADER
campo de control de longitud fija 00585nam a22001815i 4500
001 - NÚMERO DE CONTROL
campo de control 48606
003 - IDENTIFICADOR DE NÚMERO DE CONTROL
campo de control ES-MaACL
005 - FECHA Y HORA DE LA ÚLTIMA TRANSACCIÓN
campo de control 20250730063101.0
007 - CAMPO FIJO DE DESCRIPCIÓN FÍSICA--INFORMACIÓN GENERAL
campo de control de longitud fija t|
008 - DATOS DE LONGITUD FIJA--INFORMACIÓN GENERAL
campo de control de longitud fija 950726s1817 fr ||||1| fre d
040 ## - FUENTE DE CATALOGACIÓN
Centro catalogador/agencia de origen CAM
Lengua de catalogación spa
Centro/agencia transcriptor CAM
100 1# - ENTRADA PRINCIPAL--NOMBRE DE PERSONA
Nombre de persona Destutt de Tracy, Antoine-Louis-Claude,
Fechas asociadas al nombre 1754-1836
9 (RLIN) 126781
245 10 - MENCIÓN DEL TÍTULO
Título Principes logiques ou recueil de faits relatifs a l'intelligence humaine /
Mención de responsabilidad, etc. par Destutt, comte de Tracy.
260 ## - PUBLICACIÓN, DISTRIBUCIÓN, ETC.
Lugar de publicación, distribución, etc. Paris :
Nombre del editor, distribuidor, etc. Vve. Courcier,
Fecha de publicación, distribución, etc. 1817.
300 ## - DESCRIPCIÓN FÍSICA
Extensión VIII, 101 p. ;
Dimensiones 23 cm.
852 ## - LOCALIZACIÓN
Ubicación ES-MaACL
Número de control de estantería T-187-F-3
Holdings
Estatus retirado Estado de pérdida Estado de daño No para préstamo Colección Biblioteca de origen Biblioteca actual Ubicación en estantería Fecha de adquisición Fuente de adquisición Total de préstamos Signatura topográfica completa Código de barras Visto por última vez Precio de reemplazo Tipo de ítem Koha
        Colección de folletos Biblioteca del Ateneo de Madrid Biblioteca del Ateneo de Madrid Depósito folletos 17/01/2008     T-187-F-3 1051150 23/02/2023 23/02/2023 Folleto